[Event "DRUZYNOWE MISTRZOSTWA POLSKI JUNIOROW - II LIGA"]
[Site "Szczyrk, CKiR Orle Gniazdo ul. Wrzosowa 28a"]
[Date "2014-07-31"]
[Round "9.24"]
[White "Trusz, Julia"]
[Black "Tomczak, Marta"]
[Result "1-0"]
[WhiteTitle "I"]
[BlackTitle "II"]
[WhiteElo "1508"]
[BlackElo "1293"]

1. e4 c5 2. Nf3 Nc6 3. d4 cxd4 4. Nxd4 Nf6 5. Nc3 e5 6. Ndb5 a6 7. Nd6+ Bxd6 8.
Qxd6 Qe7 9. Qxe7+ Nxe7 10. Bg5 Nfg8 11. Bxe7 Nxe7 12. Bc4 b5 13. Bd5 Nxd5 14.
Nxd5 Kd8 15. O-O-O Ra7 16. Rd2 Bb7 17. Rhd1 Bxd5 18. Rxd5 f6 19. Rd6 Ke7 20. Rb6
h6 21. c3 Kf7 22. Kc2 Rc8 23. Rdd6 Rc4 24. Rxa6 Rxa6 25. Rxa6 Rxe4 26. Kd3 Rc4
27. Ra5 Ra4 28. Rxb5 Rxa2 29. Kc2 Ra1 30. Rd5 Ke7 31. f3 Rh1 32. h3 Rg1 33. Rd2
Ke6 34. c4 Ra1 35. Kc3 Ra6 36. b4 Rd6 37. Re2 Rb6 38. b5 d5 39. cxd5+ Kxd5 40.
Kb4 f5 41. Ka5 Rb8 42. Ka6 Ra8+ 43. Kb7 Ra5 44. b6 Rb5 45. Ka7 Ra5+ 46. Kb8 Rb5
47. b7 Rb1 48. Rc2 Kd6 49. Kc8 e4 50. fxe4 fxe4 51. b8=Q+ Rxb8+ 52. Kxb8 Kd5 53.
Kc7 Kd4 54. Kd6 e3 55. Ke6 Kd3 56. Ra2 e2 57. Ra1 Kd2 58. Kf7 g5 59. Kg6 e1=Q
60. Rxe1 Kxe1 61. Kxh6 Kf2 62. g4 Kg3 63. Kxg5 1-0

[Event "DRUZYNOWE MISTRZOSTWA POLSKI JUNIOROW - II LIGA"]
[Site "Szczyrk, CKiR Orle Gniazdo ul. Wrzosowa 28a"]
[Date "2014-07-31"]
[Round "9.25"]
[White "Teclaf, Pawel"]
[Black "Snihur, Piotr"]
[Result "0-1"]
[WhiteTitle "CM"]
[BlackTitle "k"]
[WhiteElo "1979"]
[BlackElo "2147"]

1. e4 c5 2. Nf3 d6 3. d4 cxd4 4. Nxd4 Nf6 5. Nc3 a6 6. Be3 e5 7. Nb3 Be6 8. f3
Nbd7 9. g4 b5 10. g5 b4 11. Ne2 Nh5 12. Qd2 Rc8 13. f4 g6 14. Bg2 Be7 15. O-O
exf4 16. Nxf4 Nxf4 17. Bxf4 Ne5 18. Nd4 Bc4 19. Rfd1 a5 20. Kh1 O-O 21. Nf3 Be6
22. b3 Rc5 23. Nd4 Bg4 24. Rf1 Qc7 25. Rf2 Bc8 26. h3 Bb7 27. Re1 Re8 28. Be3
Qd8 29. Ne2 Rc8 30. c4 bxc3 31. Nxc3 h6 32. Nb5 hxg5 33. Rg1 Qd7 34. Nd4 g4 35.
Kh2 Bh4 36. Rff1 g3+ 37. Kh1 Bxe4 38. Nf5 Bxf5 39. Rf4 Bg5 40. Rd4 Rc2 41. Qe1
Nd3 42. Qxg3 Bxe3 43. Rh4 Bf2 44. Qg5 Bxh4 45. Qxh4 Qe7 46. Qh6 Nf2+ 0-1

[Event "DRUZYNOWE MISTRZOSTWA POLSKI JUNIOROW - II LIGA"]
[Site "Szczyrk, CKiR Orle Gniazdo ul. Wrzosowa 28a"]
[Date "2014-07-31"]
[Round "9.26"]
[White "Matlewski, Adam"]
[Black "Krawiec, Grzegorz"]
[Result "0-1"]
[WhiteTitle "I"]
[BlackTitle "II"]
[WhiteElo "1685"]
[BlackElo "1564"]

1. Nf3 d5 2. g3 Nf6 3. Bg2 c5 4. d3 Nc6 5. O-O Bg4 6. Nbd2 e6 7. c3 Bd6 8. Qc2
O-O 9. e4 dxe4 10. dxe4 e5 11. Nc4 Bc7 12. Be3 Qe7 13. h3 Be6 14. Nfd2 Nd7 15.
Kh2 Nb6 16. Nxb6 Bxb6 17. f4 f6 18. f5 Bf7 19. h4 Rad8 20. Bf3 Qd7 21. Be2 c4
22. Nxc4 Bxe3 23. Nxe3 Qd2 24. Qxd2 Rxd2 25. Rfe1 Rxb2 26. Rab1 Rxb1 27. Rxb1
b6 28. Nd5 Rd8 29. Bb5 Na5 30. Rd1 Kf8 31. g4 Nb7 32. Kg3 h6 33. Kf3 g5 34. hxg5
hxg5 35. Rh1 Bxd5 36. exd5 Rxd5 37. Bc6 Rd3+ 38. Ke2 Nc5 39. Rh8+ Kg7 40. Ra8
a5 41. Rb8 Rxc3 42. Rxb6 Rc2+ 43. Ke3 Rxa2 44. Rb5 Ra3+ 45. Ke2 Nb3 46. Rb7+ Kf8
47. Bd5 Nd4+ 48. Kd2 Rg3 49. Rf7+ Ke8 50. Rxf6 Rxg4 51. Ra6 Nxf5 52. Rxa5 Rd4+
53. Ke2 Ke7 54. Ba8 Kf6 55. Bb7 Nd6 56. Bc6 Nc4 57. Ra4 g4 58. Kf2 Kg5 59. Bb5
Rf4+ 60. Kg1 Nd6 61. Rxf4 exf4 62. Bc6 f3 63. Kf2 Kf4 64. Bd5 Ne4+ 65. Kg1 Ke3
66. Bc4 Nd2 67. Ba6 g3 68. Bb5 f2+ 69. Kg2 f1=Q+ 70. Bxf1 Nxf1 71. Kg1 Nd2 0-1

[Event "DRUZYNOWE MISTRZOSTWA POLSKI JUNIOROW - II LIGA"]
[Site "Szczyrk, CKiR Orle Gniazdo ul. Wrzosowa 28a"]
[Date "2014-07-31"]
[Round "9.27"]
[White "Lewandowski, Wiktor"]
[Black "Leskiewicz, Ignacy"]
[Result "0-1"]
[WhiteTitle "II"]
[BlackTitle "I"]
[WhiteElo "1357"]
[BlackElo "1683"]

1. e4 c5 2. Nf3 d6 3. d4 cxd4 4. Nxd4 Nf6 5. Nc3 a6 6. h3 b5 7. g4 Bb7 8. Bg2 b4
9. Nd5 e6 10. Nxf6+ gxf6 11. Be3 d5 12. Qd3 Nd7 13. exd5 Nc5 14. Qc4 Rc8 15. Nc6
Qd6 16. O-O-O e5 17. Rhe1 h5 18. gxh5 Bh6 19. Bxh6 Rxh6 20. Qg4 Rh8 21. Qg7 Rf8
22. h6 Kd7 23. h7 Kc7 24. h8=Q Rxh8 25. Qxf7+ Kb6 26. Nxb4 Rcf8 27. Qg6 Rhg8 28.
Qh6 Rxg2 29. Qe3 Kc7 30. Qc3 Kd7 31. Qf3 Rfg8 32. Nc6 R8g7 33. h4 R2g4 34. Rh1
Rf4 35. Qe3 e4 36. h5 Rf3 37. Qd4 Kc7 38. h6 Rh7 39. Nb4 a5 40. Nc6 Bxc6 41. dxc6
Qxd4 42. Rxd4 Rxf2 43. Rdd1 Rg2 44. Rh5 Rg5 45. Rh4 Rg6 46. Rh5 Kxc6 47. Rdh1
Rg5 48. R5h3 f5 49. Kd2 f4 50. Ke2 Rg2+ 51. Kd1 f3 52. Rf1 Rd7+ 53. Kc1 Rdd2 54.
c3 Rc2+ 55. Kb1 Rxb2+ 56. Ka1 Rxa2+ 57. Kb1 Rgb2+ 58. Kc1 Nd3+ 59. Kd1 Ra1# 0-1

[Event "DRUZYNOWE MISTRZOSTWA POLSKI JUNIOROW - II LIGA"]
[Site "Szczyrk, CKiR Orle Gniazdo ul. Wrzosowa 28a"]
[Date "2014-07-31"]
[Round "9.28"]
[White "Krol, Marcin"]
[Black "Fiedorek, Michal"]
[Result "0-1"]
[WhiteTitle "II+"]
[BlackTitle "II"]
[WhiteElo "1595"]
[BlackElo "1405"]

1. d4 d5 2. c4 c6 3. Nf3 Nf6 4. g3 Bf5 5. Bg2 e6 6. O-O h6 7. Nbd2 Be7 8. Re1 O-O
9. b3 Na6 10. a3 Rc8 11. Bb2 Ne4 12. Nxe4 Bxe4 13. Nd2 Bxg2 14. Kxg2 Bf6 15. e4
Qd7 16. e5 Be7 17. Qf3 Rfd8 18. c5 Qc7 19. Qd3 Nb8 20. b4 b6 21. Nb3 Nd7 22. Rab1
Rb8 23. Bc3 Nf8 24. f4 Qd7 25. g4 f6 26. f5 Re8 27. Nd2 Bd8 28. Nf3 Qf7 29. Bd2
Nh7 30. Bf4 Rb7 31. cxb6 Rxb6 32. Nh4 Nf8 33. exf6 Bxf6 34. Nf3 Nd7 35. Qe3 Nf8
36. Bd6 Be7 37. fxe6 Qg6 38. Bxe7 Rxe7 39. h3 Rxe6 40. Ne5 Qc2+ 41. Qf2 Qxf2+
42. Kxf2 Rb7 43. Rbc1 Rc7 44. b5 Ng6 45. Nxc6 Rf6+ 46. Kg3 Rcf7 47. Rc3 Rf2 48.
Nxa7 Rb2 49. h4 Rxa7 50. h5 Nf8 51. Rc8 Rxa3+ 52. Kf4 Ra7 53. Ree8 Rf7+ 54. Ke5
Rxb5 55. Ra8 Rf6 56. Ra7 Rf3 57. Kd6 Rf4 58. Raa8 Rb4 59. Kxd5 Rbxd4+ 60. Kc5
Rc4+ 61. Kb5 Rce4 62. Red8 Rb4+ 63. Kc6 Rfc4+ 64. Kd6 Rd4+ 65. Ke7 Re4+ 66. Kd6
Rbd4+ 67. Kc7 Rxd8 68. Rxd8 Rxg4 69. Kd6 Rf4 70. Re8 Rf5 71. Ke7 Re5+ 72. Kd8
Rxe8+ 0-1

[Event "DRUZYNOWE MISTRZOSTWA POLSKI JUNIOROW - II LIGA"]
[Site "Szczyrk, CKiR Orle Gniazdo ul. Wrzosowa 28a"]
[Date "2014-07-31"]
[Round "9.29"]
[White "Maciak, Gabriela"]
[Black "Momot, Weronika"]
[Result "1-0"]
[WhiteTitle "II"]
[BlackTitle "I"]
[WhiteElo "1385"]
[BlackElo "1479"]

1. e4 e6 2. Nf3 d5 3. Nc3 Nf6 4. e5 Nfd7 5. d4 c5 6. Bg5 Be7 7. Bxe7 Qxe7 8. Nb5
Qd8 9. Nd6+ Kf8 10. dxc5 Nc6 11. Qd2 h6 12. Qf4 f6 13. exf6 Nxf6 14. O-O-O Qa5
15. a3 Qxc5 16. Rd2 a6 17. Bd3 Ke7 18. Nxc8+ Rhxc8 19. Re1 Nd8 20. Nh4 Qc7 21.
Qb4+ Qc5 22. Nf5+ Kd7 23. Qxc5 Rxc5 24. Nxg7 Rc7 25. Re3 Kd6 26. Rg3 Nf7 27. Rg6
Ne5 28. Nf5+ exf5 29. Rxf6+ Ke7 30. Rxf5 Nxd3+ 31. Rxd3 Rac8 32. c3 Rg8 33. g3
Rg5 34. Rfxd5 Rxd5 35. Rxd5 Kf7 36. Kd2 Re7 37. Rd4 Kg6 38. h4 Kh5 39. Rf4 Re6
40. Kd3 Re5 41. Rf7 b5 42. Ra7 Re6 43. Rc7 Kg4 44. Rf7 Kh5 45. Rf4 Kg6 46. c4
bxc4+ 47. Kxc4 Re2 48. b3 Re5 49. g4 Ra5 50. a4 Re5 51. b4 Re8 52. b5 axb5+ 53.
axb5 Re1 54. f3 Rg1 55. h5+ Kg7 56. b6 Rb1 57. Kc5 Rb2 58. Rb4 Re2 59. b7 Re5+
60. Kb6 1-0

[Event "DRUZYNOWE MISTRZOSTWA POLSKI JUNIOROW - II LIGA"]
[Site "Szczyrk, CKiR Orle Gniazdo ul. Wrzosowa 28a"]
[Date "2014-07-31"]
[Round "9.30"]
[White "Waligora, Julia"]
[Black "Karykowska, Anna"]
[Result "0-1"]
[WhiteTitle "II+"]
[BlackTitle "I+"]
[WhiteElo "1271"]
[BlackElo "1528"]

1. e4 c5 2. Nf3 e6 3. d4 cxd4 4. Nxd4 Nc6 5. Nxc6 bxc6 6. Nc3 Qc7 7. Bd3 Nf6 8.
O-O Be7 9. Be3 O-O 10. f4 d5 11. e5 Nd7 12. Qh5 g6 13. Qh6 Bc5 14. Rf3 Bxe3+ 15.
Rxe3 f5 16. exf6 Nxf6 17. Rh3 Ng4 18. Qh4 Qb6+ 19. Kf1 Rxf4+ 20. Ke1 Qf2+ 21.
Qxf2 Nxf2 22. Rf3 Nxd3+ 23. Rxd3 Ba6 24. Rf3 Raf8 25. Kf2 e5 26. Rxf4 Rxf4+ 27.
Kg3 Kf7 28. Rd1 g5 29. Rd2 e4 30. Rf2 e3 31. Rxf4+ gxf4+ 32. Kf3 d4 33. Ne2 Bxe2+
34. Kxe2 c5 35. Kf3 Ke6 36. Ke2 Kd5 37. Kd3 c4+ 38. Ke2 Ke4 39. a4 d3+ 40. cxd3+
cxd3+ 41. Kd1 f3 42. gxf3+ Kxf3 43. Ke1 d2+ 44. Kd1 Kf2 45. b4 e2+ 46. Kxd2 e1=Q+
47. Kc2 Qxb4 48. Kd3 Kf3 49. Kc2 Ke2 0-1

[Event "DRUZYNOWE MISTRZOSTWA POLSKI JUNIOROW - II LIGA"]
[Site "Szczyrk, CKiR Orle Gniazdo ul. Wrzosowa 28a"]
[Date "2014-07-31"]
[Round "9.31"]
[White "Osinski, Emil"]
[Black "Lizak, Jakub"]
[Result "1-0"]
[WhiteTitle "I"]
[BlackTitle "I++"]
[WhiteElo "1937"]
[BlackElo "1980"]

1. e4 c5 2. Nc3 a6 3. g3 b5 4. Bg2 Bb7 5. d3 e6 6. Nf3 Nc6 7. O-O b4 8. Ne2 d5
9. e5 Qc7 10. Bf4 h6 11. h4 a5 12. Re1 Nge7 13. h5 g5 14. hxg6 Nxg6 15. Qd2 Bg7
16. d4 Ba6 17. c3 Qb6 18. Rac1 c4 19. g4 h5 20. gxh5 Rxh5 21. Ng3 Rh8 22. Bg5
Rb8 23. Nh2 a4 24. Ng4 Nce7 25. Bxe7 Kxe7 26. Qg5+ Kf8 27. Nh5 Rxh5 28. Qxh5 Qd8
29. Re3 Qh4 30. Qxh4 Nxh4 31. Re2 Ng6 32. Bf1 Ke7 33. Kh2 Nf4 34. Rd2 bxc3 35.
bxc3 Nd3 36. Bxd3 cxd3 37. f4 Bc4 38. Kg3 a3 39. Nf2 f6 40. Kf3 fxe5 41. dxe5
Rf8 42. Ng4 Rc8 43. Rb1 Rc7 44. Nf2 Ba6 45. Rb3 Bb7 46. Ke3 Kd7 47. Nxd3 Bf8 48.
Rh2 Be7 49. Rh7 Kc8 50. Rxe7 Rxe7 51. Rxa3 Rc7 52. Ra5 Kd8 53. Nc5 Bc8 54. Kd4
Rf7 55. Nd3 Rc7 56. Ra4 Bd7 57. Ra8+ Ke7 58. Nc5 Be8 59. Rb8 Ra7 60. Rb7+ Rxb7
61. Nxb7 Ba4 62. Nc5 Bc6 63. a4 Ba8 64. a5 1-0

[Event "DRUZYNOWE MISTRZOSTWA POLSKI JUNIOROW - II LIGA"]
[Site "Szczyrk, CKiR Orle Gniazdo ul. Wrzosowa 28a"]
[Date "2014-07-31"]
[Round "9.32"]
[White "Szolc, Grzegorz"]
[Black "Wolniaczyk, Bartosz"]
[Result "1/2-1/2"]
[WhiteTitle "I"]
[BlackTitle "II"]
[WhiteElo "1883"]
[BlackElo "1581"]

1. c4 c5 2. Nc3 Nf6 3. g3 Nc6 4. Bg2 e6 5. d3 Be7 6. e4 O-O 7. Nge2 Ne8 8. O-O
d6 9. f4 f5 10. Be3 Nc7 11. Qd2 e5 12. Rf2 Nd4 13. Raf1 Rb8 14. Kh1 b6 15. b3
g6 16. Qd1 Bd7 17. h3 Kh8 18. Bd2 Bf6 19. Kh2 Qe7 20. Nxd4 cxd4 21. Nd5 Nxd5 22.
cxd5 Bg7 23. Bc1 b5 24. b4 Rbc8 25. h4 h5 26. Bd2 Kg8 27. Kg1 Rce8 28. Re1 Qd8
29. Qb3 Qb6 30. Rff1 Qb7 31. Rc1 Rc8 32. Qa3 Qb6 33. Kh1 Kh8 34. Kh2 Kg8 35. Bh3
Bh6 36. Qb2 Bg7 37. Rxc8 Bxc8 38. Rc1 Bd7 39. Qb3 Qb7 40. Qd1 Rc8 41. Rxc8+ Qxc8
42. Qc1 Qxc1 43. Bxc1 Kf7 44. Kg1 Ke7 45. Bg2 Bc8 1/2-1/2

[Event "DRUZYNOWE MISTRZOSTWA POLSKI JUNIOROW - II LIGA"]
[Site "Szczyrk, CKiR Orle Gniazdo ul. Wrzosowa 28a"]
[Date "2014-07-31"]
[Round "9.33"]
[White "Guzik, Natalia"]
[Black "Tustanowski, Mateusz"]
[Result "1/2-1/2"]
[WhiteTitle "I+"]
[BlackTitle "I"]
[WhiteElo "1539"]
[BlackElo "1760"]

1. e4 c5 2. Nf3 Nc6 3. d4 cxd4 4. Nxd4 g6 5. Nc3 Bg7 6. Be3 Nf6 7. Bc4 O-O 8. Bb3
d6 9. f3 Bd7 10. Qd2 Nxd4 11. Bxd4 b5 12. g4 a5 13. a4 bxa4 14. Nxa4 Be6 15. Bxe6
fxe6 16. h4 Rb8 17. h5 Rf7 18. Bc3 Qf8 19. hxg6 hxg6 20. Qg5 Nd7 21. Qxg6 Rxf3
22. Qxe6+ Qf7 23. Qxf7+ Rxf7 24. Bxg7 Rxg7 25. Rg1 Ne5 26. Ke2 Nxg4 27. Rg3 Nf6
28. Rxg7+ Kxg7 29. Kd3 Rb4 30. Nc3 Rxb2 31. Rxa5 Nd7 32. Nd1 Rb7 33. c3 Nc5+ 34.
Ke3 Rb1 35. Nf2 Re1+ 36. Kd2 Rf1 37. Ke2 Rc1 38. Ra3 Kf6 39. Nd3 Nxd3 40. Kxd3
Rh1 41. Ra5 Rh3+ 42. Kd4 e5+ 43. Kd5 Rxc3 44. Kxd6 Rd3+ 45. Rd5 Ra3 46. Kc6 Ra4
47. Rd6+ Kg5 48. Kd5 Ra5+ 49. Ke6 Kf4 50. Rd1 Ra6+ 51. Kd5 Ra5+ 52. Ke6 Kxe4 53.
Re1+ 1/2-1/2

[Event "DRUZYNOWE MISTRZOSTWA POLSKI JUNIOROW - II LIGA"]
[Site "Szczyrk, CKiR Orle Gniazdo ul. Wrzosowa 28a"]
[Date "2014-07-31"]
[Round "9.34"]
[White "Kukula, Karol"]
[Black "Bakalarczyk, Jakub"]
[Result "0-1"]
[WhiteTitle "II"]
[BlackTitle "II"]
[WhiteElo "1299"]
[BlackElo "1457"]

1. e4 c6 2. Nf3 d5 3. exd5 cxd5 4. Ne5 Nf6 5. d4 Nc6 6. Bb5 Bd7 7. Nxd7 Qxd7 8.
O-O e6 9. Bf4 Be7 10. Nd2 O-O 11. Nf3 a6 12. Ne5 Qc8 13. Nxc6 bxc6 14. Bd3 Qb7
15. Rb1 Rfd8 16. c3 g6 17. Qb3 Rd7 18. Qxb7 Rxb7 19. Bg5 Ne8 20. Bxe7 Rxe7 21.
Rfe1 Nd6 22. b3 Rc7 23. Rec1 a5 24. a4 c5 25. dxc5 Rxc5 26. b4 axb4 27. Rxb4 Rac8
28. Rb3 d4 29. c4 Nxc4 30. Rb4 Ne5 31. Rxc5 Rxc5 32. Rxd4 Rc1+ 33. Bf1 Rc5 34.
Bd3 Nxd3 0-1

[Event "DRUZYNOWE MISTRZOSTWA POLSKI JUNIOROW - II LIGA"]
[Site "Szczyrk, CKiR Orle Gniazdo ul. Wrzosowa 28a"]
[Date "2014-07-31"]
[Round "9.35"]
[White "Wojna, Ewelina"]
[Black "Wojcik, Jagoda"]
[Result "0-1"]
[WhiteTitle "I"]
[BlackTitle "I"]
[WhiteElo "1565"]
[BlackElo "1379"]

1. c4 Nf6 2. Nc3 e6 3. g3 d5 4. cxd5 exd5 5. d4 Be7 6. Bg2 Be6 7. Nf3 O-O 8. O-O
Nbd7 9. b3 b6 10. Bb2 c5 11. Rc1 Qc7 12. e3 Rac8 13. Re1 Qb7 14. Qe2 Rfe8 15.
Ne5 cxd4 16. exd4 Bb4 17. Qd3 Rc7 18. Nb5 Rxc1 19. Rxc1 a6 20. Nc7 Rc8 21. Nxa6
Rxc1+ 22. Bxc1 Bd6 23. Nxd7 Bxd7 24. b4 Qc6 25. Bb2 Qa4 26. a3 Bb5 27. Qd2 Bxa6
28. Bf3 Qb5 29. Qd1 Qd3 30. Qxd3 Bxd3 31. Bc3 Kf8 32. a4 Ke8 33. a5 bxa5 34. bxa5
Kd7 35. Bd1 Kc7 36. Ba4 Kb7 37. f4 Ka6 38. Kg2 Bc7 39. Kf3 Bxa5 40. Bb2 Bd2 41.
g4 Ka5 42. Bc6 Kb6 43. Ba4 Be4+ 44. Kg3 Be1+ 45. Kh3 Bf3 46. g5 Nh5 47. Bc1 Bf2
48. Bd7 Bxd4 49. Bg4 Bxg4+ 50. Kxg4 g6 51. f5 Ng7 52. fxg6 fxg6 53. h4 Kc5 54.
Ba3+ Kc4 55. Be7 Nh5 56. Bd6 Bf2 0-1

[Event "DRUZYNOWE MISTRZOSTWA POLSKI JUNIOROW - II LIGA"]
[Site "Szczyrk, CKiR Orle Gniazdo ul. Wrzosowa 28a"]
[Date "2014-07-31"]
[Round "9.36"]
[White "Kawecka, Malgorzata"]
[Black "Bakalarczyk, Zuzanna"]
[Result "1-0"]
[WhiteTitle "II+"]
[BlackTitle "II"]
[WhiteElo "1235"]
[BlackElo "1239"]

1. e4 e5 2. Nf3 Nc6 3. Nc3 Nf6 4. d4 exd4 5. Nxd4 Nxd4 6. Qxd4 d6 7. Bc4 Be7 8.
Be3 Be6 9. Bxe6 fxe6 10. O-O O-O 11. h3 Nh5 12. Rad1 Bf6 13. Qd3 Bxc3 14. Qxc3
e5 15. Qb3+ Kh8 16. Qxb7 Nf4 17. Bxf4 Rxf4 18. Qd5 Rb8 19. b3 Qe7 20. Qd3 Rbf8
21. Qe3 c5 22. a4 R8f6 23. Rd3 Rg6 24. Qe2 Qh4 25. Rf3 Rxf3 26. Qxf3 Rf6 27. Qd3
Qh5 28. Qa6 Qf7 29. Qc8+ Qf8 30. Qxf8+ Rxf8 31. Rd1 Rd8 32. Rd3 Kg8 33. Rf3 a5
34. Kf1 Rc8 35. Ke2 c4 36. Rc3 Kf7 37. Rxc4 Rc5 38. Rxc5 dxc5 39. Kd3 1-0

[Event "DRUZYNOWE MISTRZOSTWA POLSKI JUNIOROW - II LIGA"]
[Site "Szczyrk, CKiR Orle Gniazdo ul. Wrzosowa 28a"]
[Date "2014-07-31"]
[Round "9.37"]
[White "Kyc, Jerzy"]
[Black "Banach, Szymon"]
[Result "1-0"]
[WhiteTitle "I++"]
[BlackTitle "I+"]
[WhiteElo "2096"]
[BlackElo "1891"]

1. e4 c5 2. Nf3 Nc6 3. d4 cxd4 4. Nxd4 g6 5. Nc3 Bg7 6. Be3 Nf6 7. Nxc6 bxc6 8.
e5 Ng8 9. Bd4 f6 10. Qe2 Qa5 11. exf6 Nxf6 12. O-O-O d6 13. Ne4 O-O 14. Bxf6 exf6
15. Nxd6 Rb8 16. Qc4+ Kh8 17. Nf7+ Rxf7 18. Qxf7 Bg4 19. Bc4 Bxd1 20. Rxd1 f5
21. Bb3 Qe5 22. c3 a5 23. g3 Bh6+ 24. f4 Qe3+ 25. Kb1 Bg7 26. Qc7 Qe8 27. Qxa5
h6 28. Qc7 Rc8 29. Qd7 Qf8 30. Qe6 c5 31. Qxg6 c4 32. Bc2 Rb8 33. Rd7 Qg8 34.
Qxf5 Rb6 35. Rd8 1-0

[Event "DRUZYNOWE MISTRZOSTWA POLSKI JUNIOROW - II LIGA"]
[Site "Szczyrk, CKiR Orle Gniazdo ul. Wrzosowa 28a"]
[Date "2014-07-31"]
[Round "9.38"]
[White "Kaminski, Piotr"]
[Black "Krzeminski, Sebastian"]
[Result "1-0"]
[WhiteTitle "II+"]
[BlackTitle "II+"]
[WhiteElo "1601"]
[BlackElo "1704"]

1. e4 c6 2. d4 d5 3. Nc3 dxe4 4. Nxe4 Bf5 5. Ng3 Bg6 6. h4 h6 7. Nf3 Nd7 8. h5
Bh7 9. Bd3 Bxd3 10. Qxd3 e6 11. Bd2 Ngf6 12. O-O-O Be7 13. Kb1 O-O 14. Rhe1 a5
15. Ne4 Kh8 16. Nxf6 Nxf6 17. Ne5 Bb4 18. g4 Bxd2 19. Qxd2 Nh7 20. f4 Kg8 21.
Re2 a4 22. Rg2 f6 23. Nf3 Qd5 24. Rg3 Rad8 25. Qd3 b5 26. Rdg1 c5 27. Qxb5 cxd4
28. Qxa4 e5 29. Rd1 exf4 30. Rh3 Rfe8 31. Qb3 Re3 32. Rxd4 Rxb3 33. Rxd5 Rxb2+
34. Kxb2 Rxd5 35. Rh2 Ng5 36. Nh4 Kf7 37. a4 f3 38. Rf2 Rd4 39. Nxf3 Rxg4 40.
Ne5+ Ke6 41. Nxg4 Ne4 42. Rf4 f5 43. Ne3 Nd6 44. a5 Ke5 45. Nc4+ Kxf4 46. Nxd6
Ke5 47. Nxf5 1-0

[Event "DRUZYNOWE MISTRZOSTWA POLSKI JUNIOROW - II LIGA"]
[Site "Szczyrk, CKiR Orle Gniazdo ul. Wrzosowa 28a"]
[Date "2014-07-31"]
[Round "9.39"]
[White "Warchol, Bartosz"]
[Black "Mietkiewicz, Jacek"]
[Result "1/2-1/2"]
[WhiteTitle "II"]
[BlackTitle "II+"]
[WhiteElo "1510"]
[BlackElo "1564"]

1. d4 d5 2. c4 e6 3. Nf3 c6 4. e3 Nf6 5. Nbd2 Nbd7 6. Bd3 Bd6 7. O-O O-O 8. e4
dxe4 9. Nxe4 Be7 10. Bf4 Nb6 11. Qc2 h6 12. Nxf6+ Bxf6 13. c5 Nd5 14. Bd6 Be7
15. Bxe7 Qxe7 16. a3 Rd8 17. Rfe1 Nf4 18. Rad1 b6 19. Re4 Nxd3 20. Rxd3 bxc5 21.
dxc5 Rxd3 22. Qxd3 Qxc5 23. Rc4 Ba6 24. Rxc5 Bxd3 25. Rxc6 Rb8 26. b4 a5 27. Rc3
axb4 28. Rb3 Rc8 29. h3 bxa3 30. Rxa3 Be4 31. Kh2 Kh7 32. Kg3 f6 33. Re3 Bd5 34.
Nd4 e5 35. Nf5 Re8 36. Ra3 Be6 37. Ne3 g5 38. Ng4 Kg6 39. Rf3 Bxg4 40. hxg4 Rb8
41. Rc3 Rb4 42. Rc6 Rf4 43. Rc7 h5 44. gxh5+ Kxh5 45. Rh7+ Kg6 46. Re7 Ra4 47.
f3 Kf5 48. Re8 e4 49. fxe4+ Rxe4 50. Ra8 Re3+ 51. Kf2 Rb3 52. Ra5+ Kg4 53. Ra4+
Kh5 54. Ra5 Rc3 55. Rb5 Kh4 56. Rf5 Rc2+ 57. Kf1 Kg3 58. Rf3+ Kg4 59. Rxf6 1/2-1/2

[Event "DRUZYNOWE MISTRZOSTWA POLSKI JUNIOROW - II LIGA"]
[Site "Szczyrk, CKiR Orle Gniazdo ul. Wrzosowa 28a"]
[Date "2014-07-31"]
[Round "9.40"]
[White "Kukorowski, Jan"]
[Black "Wilk, Radoslaw"]
[Result "1-0"]
[WhiteTitle "II"]
[BlackTitle "II"]
[WhiteElo "1359"]
[BlackElo "1430"]

1. e4 c5 2. Nc3 a6 3. f4 b5 4. Nf3 Bb7 5. d3 e6 6. e5 d5 7. exd6 Qxd6 8. g3 g6
9. Bg2 Bg7 10. O-O Nf6 11. Qe2 O-O 12. Be3 Nbd7 13. Rad1 Ng4 14. Bc1 f5 15. Rfe1
Rfe8 16. h3 Ngf6 17. Ng5 Bxg2 18. Qxg2 Rad8 19. Ne2 h6 20. Nf3 Qd5 21. Nc3 Qc6
22. d4 cxd4 23. Nxd4 Qxg2+ 24. Kxg2 Nc5 25. Nc6 Rxd1 26. Rxd1 Nfe4 27. Nxe4 Nxe4
28. c3 Rc8 29. Ne7+ Kf8 30. Nxc8 Ke8 31. Nd6+ Nxd6 32. Rxd6 Ke7 33. Rxa6 g5 34.
fxg5 hxg5 35. Bxg5+ Bf6 36. Ra7+ Ke8 37. Bxf6 e5 38. Bxe5 f4 39. gxf4 b4 40. cxb4
Kf8 41. b5 Kg8 42. b6 Kf8 43. Rg7 Ke8 44. b7 Kd8 45. b8=R# 1-0

[Event "DRUZYNOWE MISTRZOSTWA POLSKI JUNIOROW - II LIGA"]
[Site "Szczyrk, CKiR Orle Gniazdo ul. Wrzosowa 28a"]
[Date "2014-07-31"]
[Round "9.41"]
[White "Gaudyn, Renata"]
[Black "Wilk, Oktawia"]
[Result "1/2-1/2"]
[WhiteTitle "I"]
[BlackTitle "I+"]
[WhiteElo "1597"]
[BlackElo "1662"]

1. d4 e6 2. c4 d5 3. Nf3 Nf6 4. g3 c5 5. Bg2 Nc6 6. O-O dxc4 7. dxc5 Qxd1 8. Rxd1
Bxc5 9. Bg5 Be7 10. Nbd2 h6 11. Bxf6 Bxf6 12. Nxc4 O-O 13. Rab1 Rb8 14. Nfd2 Nd4
15. e3 Nb5 16. Ne4 Be7 17. Ned6 Nxd6 18. Nxd6 Bxd6 19. Rxd6 b6 20. Rbd1 Bb7 21.
Rd7 Bxg2 22. Kxg2 a5 23. Rc1 Rfc8 24. Rcc7 Rxc7 25. Rxc7 Rd8 26. Rc6 b5 27. Rc5
Rb8 28. Kf3 Rb6 29. b3 f6 30. Rc8+ Kf7 31. Ra8 f5 32. Rxa5 b4 33. Rc5 Kf6 34.
Ke2 Ra6 35. Rc2 Ke5 36. f3 Kd5 37. Kd1 g5 38. h3 e5 39. Rd2+ Kc5 40. e4 fxe4 41.
fxe4 Rd6 42. Rxd6 Kxd6 43. Kd2 h5 44. g4 hxg4 45. hxg4 Kc5 46. Ke3 Kb5 47. Kd3
Kc5 48. a4 bxa3 49. Kc3 a2 1/2-1/2

[Event "DRUZYNOWE MISTRZOSTWA POLSKI JUNIOROW - II LIGA"]
[Site "Szczyrk, CKiR Orle Gniazdo ul. Wrzosowa 28a"]
[Date "2014-07-31"]
[Round "9.42"]
[White "Szelag, Zuzanna"]
[Black "Waszczuk, Patrycja"]
[Result "0-1"]
[WhiteTitle "I"]
[BlackTitle "I"]
[WhiteElo "1483"]
[BlackElo "1519"]

1. e4 c5 2. Nf3 e6 3. d4 cxd4 4. Nxd4 a6 5. Nc3 b5 6. Bd3 Bb7 7. O-O Qc7 8. Re1
d6 9. Bd2 Nf6 10. a4 bxa4 11. Rxa4 Nbd7 12. Nb3 Be7 13. Qe2 Nb8 14. Rea1 O-O 15.
Na5 Nfd7 16. Nxb7 Qxb7 17. R4a2 Nc5 18. Bc4 Bf6 19. f3 Nc6 20. b3 Nb4 21. Rb2
Bd4+ 22. Kh1 d5 23. Bd3 Ncxd3 24. cxd3 Rfc8 25. Rc1 a5 26. exd5 Nxd5 27. Qe4 Bxc3
28. Rxc3 Qb6 29. Rc4 Nf6 30. Qe5 Qf2 31. Qe1 Qxe1+ 32. Bxe1 h6 33. Kg1 Rd8 34.
d4 Rd5 35. Ra4 Nd7 36. b4 Rxd4 37. Rxa5 Rxa5 38. bxa5 Ra4 39. Rb7 Nc5 40. Rb1
Kh7 41. h3 Nd3 42. Bc3 Ra3 43. Bd2 Ra2 44. Rd1 Nb2 45. Rc1 Nd3 46. Rd1 Ne5 47.
Bc3 Nc4 48. Ra1 Rxa1+ 49. Bxa1 Nxa5 50. Kf2 Kg6 51. Bd4 Nc6 52. Bc3 e5 53. Ke3
f6 54. Ke4 Ne7 55. g3 Kf7 56. Bd2 Ke6 57. Ke3 f5 58. Kf2 Nd5 59. Bc1 g5 60. Kg2
f4 61. Kf2 h5 62. Bd2 Nf6 63. Kg2 Kf5 64. Bc3 Nd5 65. Bd2 e4 66. fxe4+ Kxe4 67.
gxf4 gxf4 68. Kf2 Ne3 69. Bc1 Nf5 70. Bd2 Nd4 71. Bc3 Ne6 72. Be1 Ng5 73. Kg2
Ke3 74. Bh4 f3+ 75. Kf1 0-1

[Event "DRUZYNOWE MISTRZOSTWA POLSKI JUNIOROW - II LIGA"]
[Site "Szczyrk, CKiR Orle Gniazdo ul. Wrzosowa 28a"]
[Date "2014-07-31"]
[Round "9.43"]
[White "Korpalska, Joanna"]
[Black "Czerw, Dawid"]
[Result "0-1"]
[WhiteTitle "I++"]
[BlackTitle "I++"]
[WhiteElo "1695"]
[BlackElo "1993"]

1. e4 e6 2. d4 d5 3. Nc3 Bb4 4. e5 b6 5. Qg4 Bf8 6. Bb5+ c6 7. Ba4 Ne7 8. Bg5 Bd7
9. Nge2 h6 10. Bd2 b5 11. Bb3 a5 12. a3 Na6 13. Ng3 g6 14. h4 Qb6 15. Nce2 h5
16. Qf3 Nf5 17. Nxf5 exf5 18. Bg5 Bg7 19. c3 Nc7 20. Nf4 Ne6 21. Nxe6 Bxe6 22.
O-O Ra7 23. Bc2 O-O 24. Qe3 Kh7 25. Kh1 Qc7 26. Bd3 Qd7 27. Rfe1 Rfa8 28. f3 Rb8
29. Qd2 Rab7 30. b4 Ra7 31. Ra2 Rba8 32. Rea1 Bf8 33. Bb1 Qc7 34. Qb2 Qb6 35.
Qd2 Qb8 36. Qb2 Bg7 37. Qd2 Qf8 38. Qe2 Bd7 39. Be3 Qe7 40. g3 f6 41. f4 Bf8 42.
Qf2 Qe6 43. Kh2 Be7 44. Qd2 Be8 45. Bd3 Bd8 46. Qf2 Bb6 47. Qd2 Qd7 48. Qf2 Qe7
49. Qd2 Bf7 50. Qf2 Qd8 51. Qd2 Qd7 52. Qf2 fxe5 53. fxe5 Bd8 54. Qd2 Be7 55.
Qf2 Be6 56. Qd2 Qd8 57. Qf2 Qf8 58. Qd2 Bd7 59. Bf4 Qf7 60. Be3 Kg8 61. Bf4 Qe6
62. Qe2 Qf7 63. Qd2 Be6 64. Qf2 Qg7 65. Qd2 Kf7 66. Bh6 Qh8 67. Be3 Qd8 68. Qe2
Bd7 69. Qd2 axb4 70. axb4 Rxa2 71. Rxa2 Rxa2 72. Qxa2 Bxh4 73. gxh4 Qxh4+ 74.
Kg2 Qg4+ 75. Kh2 f4 76. e6+ Bxe6 77. Qa7+ Kf6 78. Bf2 Qh3+ 79. Kg1 Qxd3 80. Qh7
Qd1+ 81. Kh2 Qe2 82. Qh8+ Kf5 83. Kg1 Kg4 84. Qf6 g5 85. Qg6 h4 0-1

[Event "DRUZYNOWE MISTRZOSTWA POLSKI JUNIOROW - II LIGA"]
[Site "Szczyrk, CKiR Orle Gniazdo ul. Wrzosowa 28a"]
[Date "2014-07-31"]
[Round "9.44"]
[White "Wodecki, Mikolaj"]
[Black "Szczuraszyk, Jaroslaw"]
[Result "1/2-1/2"]
[WhiteTitle "III"]
[BlackTitle "II"]
[WhiteElo "1374"]
[BlackElo "1506"]

1. e4 c5 2. c3 d5 3. exd5 Qxd5 4. d4 Nf6 5. Nf3 Bg4 6. Be2 e6 7. O-O Nc6 8. Be3
cxd4 9. cxd4 Bb4 10. a3 Ba5 11. b4 Bb6 12. Nc3 Qd6 13. Qd2 O-O 14. b5 Ne7 15.
Bf4 Qd7 16. Ne5 Qc8 17. Nxg4 Nxg4 18. Bxg4 f5 19. Bf3 Ng6 20. Rac1 Ba5 21. Bh5
Nxf4 22. Qxf4 Bc7 23. Qe3 Qd7 24. Na4 Rf6 25. Nc5 Qd6 26. g3 g6 27. Bf3 f4 28.
Qe4 Raf8 29. Rce1 h5 30. Nxe6 Re8 31. d5 h4 32. g4 h3 33. Qd4 Rfxe6 34. Rxe6 Rxe6
35. Rc1 Re8 36. Kf1 Bb6 37. Qd3 Bc5 38. Rxc5 Qxc5 39. Qxg6+ Kf8 40. Qf6+ Kg8 41.
Qg6+ Kf8 42. Qf6+ 1/2-1/2